000 00495nam a22001697a 4500
005 20251108165302.0
008 250721s1993 xx 000 0 ara d
082 1 4 _a928.11/سعد
100 1 _aسعد، كمال
245 1 0 _aبيرم التونسي :
_bعاصفة من الحارة المصرية /
264 1 _aالقاهره :
_bدار الأمين،
_c1993.
300 _a215ص.
650 1 7 _aالشعر العربي
650 1 7 _aالشعراء
942 _2ddc
_cBK
999 _c24140
_d24140